The poems of W.B. Yeats : (Record no. 491132)

000 -LEADER
fixed length control field 01289cam a2200337 a 4500
001 - CONTROL NUMBER
control field 13240964
003 - CONTROL NUMBER IDENTIFIER
control field NUST
005 - DATE AND TIME OF LATEST TRANSACTION
control field 20181010071721.0
008 - FIXED-LENGTH DATA ELEMENTS--GENERAL INFORMATION
fixed length control field 030617s2004 enk b 001 0 eng
010 ## - LIBRARY OF CONGRESS CONTROL NUMBER
LC control number 2003013092
015 ## - NATIONAL BIBLIOGRAPHY NUMBER
National bibliography number GBA3-U8348
020 ## - INTERNATIONAL STANDARD BOOK NUMBER
International Standard Book Number 0415234751 (hb)
020 ## - INTERNATIONAL STANDARD BOOK NUMBER
International Standard Book Number 041523476X (pb)
035 ## - SYSTEM CONTROL NUMBER
System control number (OCoLC)ocm52478387
038 ## - RECORD CONTENT LICENSOR
Staff Name 0
040 ## - CATALOGING SOURCE
Original cataloging agency DLC
Transcribing agency DLC
Modifying agency YDX
-- UKM
-- BAKER
-- DLC
050 00 - LIBRARY OF CONGRESS CALL NUMBER
Classification number PR5908.P58
Item number R68 2004
082 00 - DEWEY DECIMAL CLASSIFICATION NUMBER
Classification number 821/.8
Edition number 21
245 04 - TITLE STATEMENT
Title The poems of W.B. Yeats :
Remainder of title a sourcebook /
Statement of responsibility, etc. edited by Michael O'Neill.
260 ## - PUBLICATION, DISTRIBUTION, ETC.
Place of publication, distribution, etc. London ;
-- New York :
Name of publisher, distributor, etc. Routledge,
Date of publication, distribution, etc. 2004.
300 ## - PHYSICAL DESCRIPTION
Extent xi, 194 p. ;
Dimensions 23 cm.
440 #0 - SERIES STATEMENT/ADDED ENTRY--TITLE
Title Routledge guides to literature
9 (RLIN) 12339
504 ## - BIBLIOGRAPHY, ETC. NOTE
Bibliography, etc. note Includes bibliographical references (p. [185]-187) and index.
600 10 - SUBJECT ADDED ENTRY--PERSONAL NAME
Personal name Yeats, W. B.
Fuller form of name (William Butler),
Dates associated with a name 1865-1939
General subdivision Poetic works.
9 (RLIN) 12340
700 1# - ADDED ENTRY--PERSONAL NAME
Personal name O'Neill, Michael,
Dates associated with a name 1953-
9 (RLIN) 12341
856 41 - ELECTRONIC LOCATION AND ACCESS
Materials specified Table of contents only
Uniform Resource Identifier <a href="http://www.loc.gov/catdir/toc/ecip045/2003013092.html">http://www.loc.gov/catdir/toc/ecip045/2003013092.html</a>
856 42 - ELECTRONIC LOCATION AND ACCESS
Materials specified Publisher description
Uniform Resource Identifier <a href="http://www.loc.gov/catdir/enhancements/fy0650/2003013092-d.html">http://www.loc.gov/catdir/enhancements/fy0650/2003013092-d.html</a>
906 ## - LOCAL DATA ELEMENT F, LDF (RLIN)
a 7
b cbc
c orignew
d 1
e ecip
f 20
g y-gencatlg
942 ## - ADDED ENTRY ELEMENTS (KOHA)
Source of classification or shelving scheme
Koha item type Book
Holdings
Withdrawn status Lost status Source of classification or shelving scheme Damaged status Not for loan Collection code Permanent Location Current Location Shelving location Date acquired Total Checkouts Full call number Barcode Date last seen Date last checked out Price effective from Koha item type
            Central Library (CL) Central Library (CL) General Stacks 10/10/2018 2 821/.8 MIC S3H-S-314 02/10/2026 12/11/2025 10/10/2018 Book
© 2023 Central Library, National University of Sciences and Technology. All Rights Reserved.